000 00305nam a2200121Ia 4500
008 240624s9999 xx 000 0 und d
041 _aeng
082 _a658.314 BYR
100 _aBYRNE RHONDA
245 _aSECRET
260 _c2006
_aNew York
_bBeyond Words Publication
300 _axv, : 198 : p. : cm. ; 24
999 _c5419
_d5419